|
|
|
|
| LEADER |
00000nab a2200000ua 4500 |
| 001 |
vtls010858879 |
| 003 |
SK-MaSNL |
| 005 |
20260303141112.0 |
| 008 |
230222s1976 xo |||||||||||||||||fre| |
| 035 |
|
|
|a (urnnbn)urn:nbn:sk:snk:ar-a07wez
|
| 035 |
|
|
|a urn:nbn:sk:snk-ab6heo
|
| 035 |
|
|
|a (uuid)bb8c3d1f-408a-452c-a941-9cf885fdc959
|
| 040 |
|
|
|a SNKBUCL
|b slo
|c SNKBUCL
|e AACR2
|
| 041 |
0 |
|
|a fre
|
| 044 |
|
|
|a xo
|c SK
|
| 100 |
1 |
|
|a Wieczerzak, Jósef
|4 aut
|9 1160481
|
| 245 |
1 |
0 |
|a Certains problèmes choisis de l'architecture populaire d'Olsztynek et de Mazurie
|c Jósef Wieczerzak
|
| 773 |
0 |
|
|t Monumentorum tutela
|g Roč. 9, č. 9 (1976), s. 391-[397]
|
| 958 |
|
|
|a OND
|
| 958 |
|
|
|a EUIPO
|
| 958 |
|
|
|a article5
|
| 999 |
|
|
|c 1973992
|d 1975922
|